LEADER 01273nam0 22003011i 450 001 UON00084187 005 20231205102440.685 100 $a20020107d1913 |0itac50 ba 101 $aeng$aCOP 102 $aDE 105 $a|||| ||||| 200 1 $aˆThe ‰Nubian texts of the Christian period$fF. Ll. Griffith 205 $aBerlin : Akademie der Wissenschaften$b1913 210 $a134 p., c di tav. ; 28 cm 215 $aEinzelausgabe 410 1$1001UON00067953$12001 $aAbhandlungen der Koenigl. Preuss. Akademie der Wissenschaften. Phil.-Hist. Classe$v8 606 $aMONACHESIMO COPTO$3UONC022565$2FI 606 $aNUBIA$xStoria$xFonti$3UONC022968$2FI 620 $aDE$dBerlin$3UONL003157 676 $a291.657$cMONACHESIMO$v21 700 1$aGRIFFITH$bF. L.$3UONV048856$0634607 712 $aKoniglich Preussischen Akademie der Wissenschaften : Philosophisch-historisch$3UONV254016$4650 801 $aIT$bSOL$c20240220$gRICA 899 $aSIBA - SISTEMA BIBLIOTECARIO DI ATENEO$2UONSI 912 $aUON00084187 950 $aSIBA - SISTEMA BIBLIOTECARIO DI ATENEO$dSI COPT III c 020 $eSI MR 62951 5 020 996 $aNubian texts of the Christian period$91298038 997 $aUNIOR LEADER 04143nam 2200649zu 450 001 9910133526603321 005 20250709221353.0 010 $a9782821828490 010 $a2821828497 024 7 $a10.4000/books.igpde.2320 035 $a(CKB)3390000000053807 035 $a(SSID)ssj0001537319 035 $a(PQKBManifestationID)11875733 035 $a(PQKBTitleCode)TC0001537319 035 $a(PQKBWorkID)11518445 035 $a(PQKB)10385380 035 $a(WaSeSS)IndRDA00044653 035 $a(FrMaCLE)OB-igpde-2320 035 $a(oapen)https://directory.doabooks.org/handle/20.500.12854/52325 035 $a(PPN)182833682 035 $a(FR-PaCSA)88920286 035 $a(oapen)doab52325 035 $a(EXLCZ)993390000000053807 100 $a20160829d1991 uy 101 0 $afre 135 $aur||||||||||| 181 $ctxt 182 $cc 183 $acr 200 12$aL'État, les finances et l'économie. histoire d'une conversion 1932-1952. Vol. II 210 $cInstitut de la gestion publique et du développement économique$d1991 210 31$a[Place of publication not identified]$cInstitut de la gestion publique et du développement économique Comité pour l'histoire économique et$d1991 215 $a1 online resource (xvi, 1456 pages) 225 1 $aHistoire e?conomique et financie?re de la France. Etudes ge?ne?rales 300 $aBibliographic Level Mode of Issuance: Monograph 320 $aIncludes bibliographical references and index. 330 $aCette thèse de doctorat d'État soutenue en 1989 sous la direction de M. Jean Bouvier (?) et de M. René Girault renouvelle l'histoire politique et économique du XXe siècle. L'auteur étudie les mutations de l'État entre la crise des années trente et l'amorce de la forte croissance à la fin des années quarante sans oublier les années de guerre et d'occupation. Si l'étude porte avant tout sur les aspects économiques et financiers, les hommes et les "mentalités" ne sont pas pour autant négligés et retrouvent là une place de choix dans l'analyse des décisions politiques et stratégiques. This book, which was originally a PhD thesis defended in 1989 under the direction ofJean Bouvier and René Girault, offers a fresh view of mid-20th century political and economic history. The author examines how the French State changed through the crisis of the 1930s, the war, the German occupation and the beginnings of strong growth in the late 1940s. Its primary focus is the economic and financial aspects of this period, but society and its prevailing attitudes are also examined, and are given pride of place in the book's analysis of political and strategic decision-making. Esta tesis de doctorado de Estado, dirigida por Jean Bouvier y René Girault y defendida en 1989, ha renovado la historia política y económica del siglo XX. El autor estudia las mutaciones del Estado entre la crisis del decenio de 1930 y el inicio del fuerte crecimiento económico de finales de la década de los cuarenta, sin omitir los años de la guerra y la ocupación alemana. Aunque se estudian sobre todo los aspectos económicos y financieros, no se pasan por alto los hombres y las "mentalidades", ya que ocupan un puesto privilegiado en el análisis de las decisiones políticas y estratégicas. 410 0$aHistoire e?conomique et financie?re de la France.$pEtudes ge?ne?rales. 606 $aFinance$2HILCC 606 $aBusiness & Economics$2HILCC 606 $aFinancial Management & Planning$2HILCC 607 $aFrance$xPolitics and government$y20th century 610 $ahistoire économique et financière 610 $arégime de Vichy 610 $aFront populaire 610 $aPlan 610 $afinances publiques 610 $aIVe République 615 7$aFinance 615 7$aBusiness & Economics 615 7$aFinancial Management & Planning 700 $aMargairaz$b Michel$0252484 801 0$bPQKB 906 $aBOOK 912 $a9910133526603321 996 $aL'État, les finances et l'économie. histoire d'une conversion 1932-1952. Vol. II$92239485 997 $aUNINA